| 000 | 00805cam a22002413a 4500 | ||
|---|---|---|---|
| 001 | 30522 | ||
| 003 | PGUSA | ||
| 005 | 20140828083647.0 | ||
| 008 | 091121s2009||||xxu|||||s|||||000 | eng d | ||
| 040 |
_aPGUSA _beng |
||
| 042 | _adc | ||
| 050 | 4 | _aGT | |
| 100 | 1 | _aDevereux, G. R. M. | |
| 245 | 1 | 4 |
_aThe Etiquette of Engagement and Marriage : _bDescribing Modern Manners and Customs of Courtship and Marriage, and giving Full Details regarding the Wedding Ceremony and Arrangements _h[electronic resource] / _cG. R. M. Devereux |
| 260 |
_bProject Gutenberg, _c2009 |
||
| 506 | _aPublic domain in the USA. | ||
| 516 | _aElectronic text | ||
| 653 | _aWedding etiquette | ||
| 653 | _aCourtship | ||
| 830 | 0 |
_aProject Gutenberg _v30522 |
|
| 856 | 4 | 0 | _uhttp://www.gutenberg.org/ebooks/30522 |
| 942 | _cEB | ||
| 999 |
_c259777 _d259777 |
||